[Event "Labour Day op"]
[Site "Toronto CAN"]
[Date "1988.09.03"]
[Round "2"]
[White "Strojevs, Alexander"]
[Black "Pacey, Kevin"]
[Result "0-1"]
[WhiteElo "2061"]
[BlackElo "2275"]
[PlyCount "72"]
[GameId "2160767912520341"]
[EventDate "1988.09.03"]
[EventType "swiss"]
[EventRounds "6"]
[EventCountry "CAN"]

1. e4 c5 2. Nf3 d6 3. d4 cxd4 4. Nxd4 Nf6 5. Nc3 a6 6. Bg5 e6 7. f4 Be7 8. Qf3 Qc7 9. O-O-O Nbd7 10. g4 b5 11. Bxf6 Nxf6 12. g5 Nd7 13. h4 b4 14. Nce2 Bb7 15. Ng3 g6 16. h5 O-O-O 17. Nb3 Kb8 18. Qe3 a5 19. Bb5 Rc8 20. Rh2 Nc5 21. Nxc5 Qxc5 22. Qxc5 Rxc5 23. Ba4 e5 24. hxg6 fxg6 25. fxe5 Rxe5 26. Kb1 Rxg5 27. Ne2 Bxe4 28. Rh3 Rg2 29. Nf4 Rf2 30. Nd3 Rf3 31. Rh2 Kc7 32. Re2 d5 33. Ne5 Rf6 34. a3 Bd6 35. Nc4 Bf3 36. Rf2 dxc4 0-1

[Event "Labour Day op"]
[Site "Toronto CAN"]
[Date "1988.09.04"]
[Round "3"]
[White "Pacey, Kevin"]
[Black "Findlay, Ian"]
[Result "0-1"]
[WhiteElo "2275"]
[BlackElo "2412"]
[PlyCount "40"]
[GameId "2160767912520342"]
[EventDate "1988.09.03"]
[EventType "swiss"]
[EventRounds "6"]
[EventCountry "CAN"]

1. e4 c5 2. Nf3 d6 3. d4 cxd4 4. Nxd4 Nf6 5. Nc3 g6 6. Be3 Bg7 7. f3 Nc6 8. Qd2 O-O 9. g4 Be6 10. O-O-O Ne5 11. h4 Qa5 12. Kb1 Nxf3 13. Qg2 Nxd4 14. Bxd4 Nxg4 15. h5 Rac8 16. Nd5 Bxd4 17. b4 Qa3 18. Rxd4 Bxd5 19. exd5 Ne3 20. Qd2 Rxc2 0-1

[Event "Labour Day op"]
[Site "Toronto CAN"]
[Date "1988.09.04"]
[Round "4"]
[White "McTavish, David"]
[Black "Pacey, Kevin"]
[Result "1/2-1/2"]
[WhiteElo "2094"]
[BlackElo "2275"]
[PlyCount "92"]
[GameId "2160767912520344"]
[EventDate "1988.09.03"]
[EventType "swiss"]
[EventRounds "6"]
[EventCountry "CAN"]

1. e4 e5 2. f4 exf4 3. Nf3 d6 4. Bc4 g5 5. d4 Bg7 6. O-O h6 7. c3 Ne7 8. g3 g4 9. Nh4 f3 10. Nxf3 d5 11. exd5 gxf3 12. Qxf3 O-O 13. Qh5 Qd6 14. Bf4 Qg6 15. Qxg6 Nxg6 16. Bxc7 Bh3 17. Re1 Nd7 18. Nd2 Nb6 19. a4 Rfe8 20. a5 Nxc4 21. Nxc4 Bf6 22. Nd6 Rxe1+ 23. Rxe1 Ne7 24. Nxb7 Nxd5 25. Bd6 Rc8 26. Bc5 a6 27. c4 Nc7 28. Bb6 Ne6 29. d5 Ng5 30. Nd6 Nf3+ 31. Kf2 Nxe1 32. Nxc8 Nd3+ 33. Ke3 Nxb2 34. Nd6 Be7 35. Bd4 Bxd6 36. Bxb2 Bc5+ 37. Bd4 Bxd4+ 38. Kxd4 Kf8 39. c5 Ke7 40. Ke5 f6+ 41. Kd4 h5 42. Ke4 Bf1 43. Kd4 Be2 44. Ke4 h4 45. Kd4 Bf3 46. Kc4 hxg3 1/2-1/2

[Event "Labour Day op"]
[Site "Toronto CAN"]
[Date "1988.09.05"]
[Round "6"]
[White "Bailey, Doug"]
[Black "Johnstone, Glenn"]
[Result "0-1"]
[WhiteElo "2409"]
[BlackElo "2318"]
[PlyCount "184"]
[GameId "2160767912520345"]
[EventDate "1988.09.03"]
[EventType "swiss"]
[EventRounds "6"]
[EventCountry "CAN"]
[SourceTitle "CFC 1988.10"]

1. e4 e5 2. Nf3 Nc6 3. Bb5 a6 4. Ba4 Nf6 5. O-O Be7 6. Re1 b5 7. Bb3 d6 8. c3 O-O 9. h3 Na5 10. Bc2 c5 11. d4 Qc7 12. Nbd2 g6 13. b4 Nc6 14. bxc5 dxc5 15. d5 Na7 16. c4 b4 17. Bb2 Bd6 18. Nf1 Nh5 19. Ng3 Ng7 20. Bc1 f6 21. Bh6 a5 22. Nh2 Bd7 23. Rf1 Nc8 24. Ba4 Nb6 25. Bxd7 Nxd7 26. h4 Rf7 27. Ng4 Kh8 28. Ne3 Nf8 29. h5 a4 30. Qf3 Nd7 31. Qg4 g5 32. Bxg7+ Rxg7 33. Ngf5 Rf7 34. Nh6 Rff8 35. Qe6 Nb6 36. Nhf5 Rad8 37. Rac1 Nc8 38. Ng3 Qd7 39. Qf5 Qxf5 40. Ngxf5 Rf7 41. Rfd1 Ra7 42. Rd3 Ne7 43. Nxe7 Rxe7 44. Nf5 Red7 45. Kf1 Kg8 46. Ke2 Kf7 47. Kd1 Rf8 48. Kc2 Ke8 49. Kb2 Kd8 50. Rcd1 Kc7 51. Rf3 Rdf7 52. Rdd3 Kd7 53. Rg3 Kc7 54. Rdf3 Kd7 55. Kc2 Kc7 56. Nh6 Rg7 57. Rf5 Kd7 58. Rgf3 Ke7 59. Kb2 Bc7 60. d6+ Bxd6 61. Rd3 Ke6 62. Rff3 Rd7 63. Nf5 Rfd8 64. Rd5 Bf8 65. Rfd3 Rxd5 66. cxd5+ Kd7 67. Ne3 Kc7 68. Nc4 f5 69. Rf3 f4 70. g4 h6 71. Rd3 Bd6 72. f3 Kb7 73. Rd1 Ka6 74. Kc2 Kb5 75. Kd3 Rd7 76. Rc1 Rd8 77. Rb1 Rd7 78. a3 Rd8 79. Ra1 Rd7 80. Nb2 Ra7 81. Nc4 Rd7 82. Rc1 Rd8 83. Rc2 Rd7 84. Ra2 Rd8 85. Ra1 Rd7 86. axb4 cxb4 87. Rxa4 Kxa4 88. Nb6+ Ka3 89. Nxd7 b3 90. Nb6 b2 91. Nc4+ Ka2 92. Nd2 Bb4 0-1

[Event "Lac St-Jean"]
[Site "La Baie CAN"]
[Date "1988.07.01"]
[Round "1"]
[White "Morissette, Jean"]
[Black "Berube, Richard"]
[Result "1/2-1/2"]
[WhiteElo "1812"]
[BlackElo "2214"]
[PlyCount "123"]
[GameId "2160767912520616"]
[EventDate "1988.07.01"]
[EventType "swiss"]
[EventRounds "5"]
[EventCountry "CAN"]
[SourceTitle "hb 2012"]

1. e4 c5 2. Nf3 d6 3. d4 cxd4 4. Qxd4 a6 5. c4 Nc6 6. Qd1 Nf6 7. Nc3 g6 8. Be2 Bg7 9. O-O O-O 10. Ne1 Rb8 11. Nc2 Bd7 12. a4 Rc8 13. Rb1 a5 14. b4 axb4 15. Nxb4 Nxb4 16. Rxb4 Qa5 17. Qb3 Bc6 18. Nd5 Bxd5 19. exd5 Ne4 20. Be3 Bf6 21. Rxb7 Nc3 22. Bg4 Ra8 23. Bd7 Nxa4 24. Rb5 Qc3 25. Bc6 Ra6 26. Bb7 Qxb3 27. Rxb3 Rb8 28. Rfb1 Ra5 29. Ra3 Nc3 30. Rxa5 Nxb1 31. Ra8 Rxa8 32. Bxa8 Na3 33. c5 dxc5 34. Bxc5 Nc4 35. f3 Kf8 36. Bc6 Be5 37. Bb5 Nd2 38. Ba4 Nb1 39. h3 Nc3 40. Bc6 Bd4+ 41. Bxd4 Ne2+ 42. Kf2 Nxd4 43. Bd7 Nc2 44. Ba4 Nb4 45. Bb3 Ke8 46. Ke3 Kd7 47. f4 Kd6 48. Kd4 f5 49. g3 h6 50. h4 h5 51. Bc4 Nc2+ 52. Kd3 Kc5 53. d6 Nb4+ 54. Ke2 Kxd6 55. Bf7 e5 56. Bxg6 exf4 57. gxf4 Nd5 58. Kf3 Ke6 59. Bxh5 Kf6 60. Be8 Kg7 61. Bc6 Nxf4 62. Kxf4 1/2-1/2

[Event "Lac St-Jean"]
[Site "La Baie CAN"]
[Date "1988.07.02"]
[Round "2"]
[White "Berube, Richard"]
[Black "Gravel, Eric"]
[Result "1-0"]
[WhiteElo "2214"]
[BlackElo "1712"]
[PlyCount "55"]
[GameId "2160767912520617"]
[EventDate "1988.07.01"]
[EventType "swiss"]
[EventRounds "5"]
[EventCountry "CAN"]
[SourceTitle "hb 2012"]

1. d4 b6 2. e4 Bb7 3. Bd3 Nc6 4. c3 e5 5. d5 Nce7 6. Nf3 Ng6 7. O-O h6 8. Be3 Nf6 9. h3 Bd6 10. c4 Qe7 11. Nc3 Nh5 12. a3 Nhf4 13. Re1 c6 14. Bf1 O-O 15. g3 Nh5 16. Qc2 Bc7 17. Rad1 d6 18. dxc6 Bxc6 19. Nd5 Bxd5 20. cxd5 a6 21. Rc1 Rfc8 22. h4 Qf6 23. Nh2 Nxh4 24. gxh4 Qg6+ 25. Kh1 Bd8 26. Qxc8 Rxc8 27. Rxc8 Qf6 28. Bxb6 1-0

[Event "Lac St-Jean"]
[Site "La Baie CAN"]
[Date "1988.07.02"]
[Round "3"]
[White "Berube, Richard"]
[Black "Chabot, Roland"]
[Result "1/2-1/2"]
[WhiteElo "2214"]
[BlackElo "2073"]
[PlyCount "115"]
[GameId "2160767912520618"]
[EventDate "1988.07.01"]
[EventType "swiss"]
[EventRounds "5"]
[EventCountry "CAN"]
[SourceTitle "hb 2012"]

1. e4 c5 2. Nf3 e6 3. d4 cxd4 4. Nxd4 Nf6 5. Nc3 d6 6. Be2 a6 7. O-O Be7 8. f4 Qc7 9. Be3 O-O 10. a4 Nc6 11. Kh1 Rd8 12. Qe1 Nxd4 13. Bxd4 e5 14. Be3 exf4 15. Rxf4 Be6 16. a5 d5 17. exd5 Nxd5 18. Nxd5 Bxd5 19. c4 Be6 20. Rf3 Bc5 21. Bxc5 Qxc5 22. Rb3 Rab8 23. Rb6 Qe3 24. b3 Rd7 25. Bf3 Qxe1+ 26. Rxe1 Rc7 27. Re5 Kf8 28. Kg1 Bd7 29. Kf2 f6 30. Rh5 h6 31. Ke3 Be8 32. Rd5 Bc6 33. Rd4 Re8+ 34. Kf2 Bxf3 35. Kxf3 Kf7 36. h4 h5 37. Rd5 Kg6 38. Rbd6 Rce7 39. Rd3 Re1 40. R6d4 Rf1+ 41. Kg3 Re2 42. Kh2 Re7 43. Rd7 Kf7 44. R3d6 Rfe1 45. Rxe7+ Rxe7 46. Rb6 Kg6 47. c5 Rc7 48. b4 Kf5 49. Kg3 g5 50. hxg5 fxg5 51. c6 Rxc6 52. Rxb7 Rc3+ 53. Kh2 Rb3 54. Rb6 Kg4 55. Rxa6 Rxb4 56. Rb6 Ra4 57. a6 h4 58. Rc6 1/2-1/2

[Event "Lac St-Jean"]
[Site "La Baie CAN"]
[Date "1988.07.03"]
[Round "4"]
[White "Liard, Serge"]
[Black "Berube, Richard"]
[Result "0-1"]
[WhiteElo "1876"]
[BlackElo "2214"]
[PlyCount "70"]
[GameId "2160767912520619"]
[EventDate "1988.07.01"]
[EventType "swiss"]
[EventRounds "5"]
[EventCountry "CAN"]
[SourceTitle "hb 2012"]

1. e4 e5 2. Nf3 Nc6 3. Bb5 a6 4. Ba4 Nf6 5. O-O Nxe4 6. d4 b5 7. Bb3 d5 8. dxe5 Be6 9. c3 Bc5 10. Nbd2 O-O 11. Qe2 Bf5 12. a4 b4 13. cxb4 Nxb4 14. Nxe4 dxe4 15. Ne1 Nd3 16. g4 Bg6 17. Be3 Bxe3 18. Nxd3 Bg5 19. Nb4 Qd4 20. Nc6 Qd7 21. Na5 e3 22. Rad1 exf2+ 23. Rxf2 Qe7 24. Rd5 Qb4 25. Bc4 Bh4 26. Rf1 Rad8 27. Rxd8 Bxd8 28. Nb3 Re8 29. a5 Bf6 30. e6 fxe6 31. Re1 Kh8 32. h3 Qd6 33. Qg2 Rf8 34. Rf1 Bd4+ 35. Nxd4 Qxd4+ 0-1

[Event "Lacroix #42"]
[Site "Montreal CAN"]
[Date "1988.01.09"]
[Round "1"]
[White "Brosseau, Pete"]
[Black "Clement, Michel"]
[Result "0-1"]
[WhiteElo "1750"]
[BlackElo "1857"]
[PlyCount "42"]
[GameId "2160767912583318"]
[EventDate "1988.01.09"]
[EventType "swiss"]
[EventRounds "4"]
[EventCountry "CAN"]
[SourceTitle "hb 2009.06"]

1. d4 f5 2. Nc3 Nf6 3. Bg5 c6 4. Bxf6 exf6 5. e4 fxe4 6. Nxe4 Qb6 7. Qh5+ g6 8. Nxf6+ Kd8 9. Qe5 Qxb2 10. Nd5 Qxa1+ 11. Kd2 Bh6+ 12. f4 cxd5 13. Qxh8+ Kc7 14. Qe5+ d6 15. Qe7+ Bd7 16. Ne2 Nc6 17. Qxh7 Nxd4 18. Qxh6 Nxe2 19. Kxe2 Re8+ 20. Kf3 Qd1+ 21. Kg3 Qe1+ 0-1

[Event "Lacroix #42"]
[Site "Montreal CAN"]
[Date "1988.01.09"]
[Round "2"]
[White "Clement, Michel"]
[Black "Giroux, Robert"]
[Result "1-0"]
[WhiteElo "1857"]
[BlackElo "1875"]
[PlyCount "105"]
[GameId "2160767912583319"]
[EventDate "1988.01.09"]
[EventType "swiss"]
[EventRounds "4"]
[EventCountry "CAN"]
[SourceTitle "hb 2009.06"]

1. d4 Nf6 2. Nf3 g6 3. g3 c5 4. d5 d6 5. c4 Bg7 6. Bg2 e6 7. Nc3 exd5 8. cxd5 O-O 9. O-O Re8 10. Nd2 Nbd7 11. e4 Ne5 12. Qe2 Nh5 13. Nc4 Nxc4 14. Qxc4 a6 15. a3 b5 16. Qb3 Bd7 17. Be3 Nf6 18. Bf4 Qb6 19. Rfe1 Ng4 20. Qc2 Ne5 21. Rad1 Nc4 22. Bc1 Qa5 23. Nb1 Qc7 24. b3 Ne5 25. f4 Ng4 26. h3 Bd4+ 27. Rxd4 Qb6 28. Rd2 c4+ 29. Kh1 Ne3 30. Qc3 Nxd5 31. Rxd5 Re6 32. Bb2 f6 33. f5 Re5 34. Rxe5 dxe5 35. Rd1 Qb7 36. Rd6 Kg7 37. Rxf6 Kxf6 38. Qxe5+ Kf7 39. Qf6+ Ke8 40. e5 Qc8 41. Qh8+ Ke7 42. Qxh7+ Kd8 43. f6 Qc5 44. Qg8+ Kc7 45. Qxa8 Bc8 46. Qc6+ Qxc6 47. Bxc6 Be6 48. Be8 Kd8 49. f7 Ke7 50. Bd4 Bxf7 51. Bxf7 Kxf7 52. bxc4 bxc4 53. Nd2 1-0

[Event "Lanaudiere op"]
[Site "Repentigny CAN"]
[Date "1988.04.23"]
[Round "1"]
[White "Huot, Gaetan"]
[Black "Morin, Louis"]
[Result "0-1"]
[WhiteElo "1401"]
[BlackElo "1880"]
[PlyCount "24"]
[GameId "2160767912586381"]
[EventDate "1988.04.23"]
[EventType "swiss"]
[EventRounds "4"]
[EventCountry "CAN"]

1. e4 e5 2. Nf3 d6 3. Nc3 c5 4. Bc4 Be7 5. d3 Nc6 6. Nd5 Nf6 7. Ng5 Nxd5 8. Bxd5 Bxg5 9. Qh5 Be7 10. Qxf7+ Kd7 11. Bg5 Qf8 12. Qe6+ Kc7 0-1

[Event "Lanaudiere op"]
[Site "Repentigny CAN"]
[Date "1988.04.23"]
[Round "2"]
[White "Morin, Louis"]
[Black "Longpre, Martin"]
[Result "1-0"]
[WhiteElo "1885"]
[BlackElo "1534"]
[PlyCount "77"]
[GameId "2160767912586382"]
[EventDate "1988.04.23"]
[EventType "swiss"]
[EventRounds "4"]
[EventCountry "CAN"]
[SourceTitle "hb 2013"]

1. e4 e5 2. Nf3 Nc6 3. Bb5 a6 4. Bxc6 bxc6 5. d4 exd4 6. Qxd4 Nf6 7. Nc3 Bb7 8. Bg5 Be7 9. O-O-O c5 10. Qd2 O-O 11. e5 Ng4 12. Bxe7 Qxe7 13. Qxd7 Qxd7 14. Rxd7 Bxf3 15. gxf3 Nxe5 16. Rxc7 Rfc8 17. Rxc8+ Rxc8 18. Nd5 Rd8 19. Rd1 Kf8 20. Nc7 Rxd1+ 21. Kxd1 a5 22. Ke2 Ke7 23. Nd5+ Kd6 24. Ne3 g6 25. f4 Nc6 26. c3 f5 27. Kd3 Kc7 28. Kc4 Na7 29. Kxc5 Nc8 30. Nc4 h6 31. h4 Ne7 32. Nxa5 Ng8 33. Nc6 Nf6 34. Ne7 Ne4+ 35. Kd4 Nxf2 36. Nxg6 Kd6 37. Ne5 Ke6 38. a4 Nh3 39. Ke3 1-0

[Event "Lanaudiere op"]
[Site "Repentigny CAN"]
[Date "1988.04.24"]
[Round "3"]
[White "Morin, Louis"]
[Black "Forest, Charles"]
[Result "1-0"]
[WhiteElo "1880"]
[BlackElo "1701"]
[PlyCount "83"]
[GameId "2160767912586383"]
[EventDate "1988.04.23"]
[EventType "swiss"]
[EventRounds "4"]
[EventCountry "CAN"]
[SourceTitle "hb 2013"]

1. e4 e5 2. Nf3 Nc6 3. Nc3 Nf6 4. Bb5 Bb4 5. O-O O-O 6. Bxc6 dxc6 7. d3 Qe7 8. Qe2 c5 9. a3 Ba5 10. Nd5 Nxd5 11. exd5 f6 12. d4 cxd4 13. Nxd4 Re8 14. Nb3 Bb6 15. Rd1 Bf5 16. c4 Rad8 17. Be3 Bxe3 18. fxe3 c6 19. e4 Bg6 20. c5 Qf7 21. Na5 cxd5 22. exd5 Rxd5 23. b4 Red8 24. Rxd5 Qxd5 25. Qc4 Qxc4 26. Nxc4 Kf8 27. Nd6 b6 28. Rc1 bxc5 29. bxc5 Ke7 30. Rc4 Bd3 31. Rb4 Rd7 32. Rb8 Rxd6 33. cxd6+ Kd7 34. Rb7+ Kxd6 35. Rxa7 g5 36. Kf2 h5 37. Ke3 Bg6 38. Kf2 Be4 39. h4 Bd3 40. Ke3 Bf5 41. hxg5 fxg5 42. Rg7 1-0

[Event "Lanaudiere op"]
[Site "Repentigny CAN"]
[Date "1988.04.24"]
[Round "4"]
[White "Cazelais, Marc"]
[Black "Morin, Louis"]
[Result "0-1"]
[WhiteElo "1907"]
[BlackElo "1880"]
[PlyCount "100"]
[GameId "2160767912586384"]
[EventDate "1988.04.23"]
[EventType "swiss"]
[EventRounds "4"]
[EventCountry "CAN"]
[SourceTitle "hb 2013"]

1. c4 e6 2. Nc3 d5 3. d4 Nf6 4. cxd5 exd5 5. Bg5 Nbd7 6. e3 Be7 7. Bd3 O-O 8. Qc2 c6 9. Nge2 Re8 10. O-O Nf8 11. Rab1 a5 12. a3 Ne4 13. Bxe7 Qxe7 14. b4 axb4 15. axb4 Ng6 16. b5 Bf5 17. bxc6 Nxc3 18. Qxc3 Ra3 19. Rb3 Rxb3 20. Qxb3 Bxd3 21. Qxd3 bxc6 22. Rc1 Qd6 23. Qa6 Ne7 24. Nf4 g6 25. Nd3 Rc8 26. g3 Kg7 27. Qa5 h5 28. Qc5 Qxc5 29. Rxc5 Rc7 30. Kf1 Kf6 31. Ke2 Ke6 32. Ra5 Kd6 33. Ra8 Ke6 34. Kd2 Nc8 35. Nc5+ Kd6 36. Ke2 Nb6 37. Rb8 Nd7 38. Rd8 Ke7 39. Rxd7+ Rxd7 40. Nxd7 Kxd7 41. Kf3 Kd6 42. Kf4 f6 43. h4 c5 44. dxc5+ Kxc5 45. f3 Kc4 46. g4 Kd3 47. gxh5 gxh5 48. e4 d4 49. Kf5 Ke3 50. Kxf6 d3 0-1

[Event "Longueuil op"]
[Site "Longueuil CAN"]
[Date "1988.04.07"]
[Round "2"]
[White "Charest, Johanne"]
[Black "Perreault, Jacques"]
[Result "0-1"]
[WhiteElo "1510"]
[BlackElo "1455"]
[PlyCount "52"]
[GameId "2160767912586414"]
[EventDate "1988.04.06"]
[EventType "swiss"]
[EventRounds "7"]
[EventCountry "CAN"]

1. e4 d6 2. d4 Nf6 3. Bd3 Nc6 4. c3 e5 5. Bc2 g6 6. f3 Bg7 7. Be3 O-O 8. Ne2 Re8 9. O-O d5 10. Nd2 Be6 11. Bd3 Qd7 12. Qe1 Nh5 13. Qf2 f5 14. exd5 Bxd5 15. dxe5 Nxe5 16. Bc2 b6 17. Kh1 c5 18. Nf4 Nxf4 19. Bxf4 Qf7 20. Bxe5 Rxe5 21. Bb3 c4 22. Ba4 Be6 23. Rfe1 Rd8 24. Rad1 Ra5 25. Bc2 Rxa2 26. Rb1 Bxc3 0-1

[Event "Longueuil op"]
[Site "Longueuil CAN"]
[Date "1988.05.13"]
[Round "4"]
[White "Charest, Johanne"]
[Black "Weston, Paul"]
[Result "1-0"]
[WhiteElo "1510"]
[BlackElo "1804"]
[PlyCount "50"]
[GameId "2160767912586416"]
[EventDate "1988.04.06"]
[EventType "swiss"]
[EventRounds "7"]
[EventCountry "CAN"]

1. e4 c5 2. Nf3 Nc6 3. d4 cxd4 4. Nxd4 Nf6 5. Nc3 d6 6. Be2 e6 7. O-O Be7 8. Be3 a6 9. f4 Qc7 10. Qd2 b5 11. a3 O-O 12. Kh1 Bb7 13. Bf3 Na5 14. Bg1 Nc4 15. Qc1 Rac8 16. Rb1 Nxa3 17. Ra1 Nc4 18. h3 b4 19. e5 dxe5 20. fxe5 Nxe5 21. Bxb7 Qxb7 22. Nce2 Ng6 23. Nf3 e5 24. b3 Bc5 25. Bh2 Rfe8 1-0

[Event "Longueuil op"]
[Site "Longueuil CAN"]
[Date "1988.05.14"]
[Round "5"]
[White "Marcotte, Gilles"]
[Black "Charest, Johanne"]
[Result "1-0"]
[WhiteElo "1433"]
[BlackElo "1510"]
[PlyCount "81"]
[GameId "2160767912586417"]
[EventDate "1988.04.06"]
[EventType "swiss"]
[EventRounds "7"]
[EventCountry "CAN"]

1. d4 d5 2. c3 Nf6 3. Nf3 Bf5 4. Bf4 e6 5. Nbd2 Nc6 6. e3 a6 7. h3 h6 8. g4 Bh7 9. g5 hxg5 10. Bxg5 Bf5 11. Ne5 Be7 12. Bg2 Nd7 13. Bxe7 Qxe7 14. Nxc6 bxc6 15. Qa4 Nb8 16. Nb3 Ra7 17. Na5 Qd6 18. b4 Bd3 19. Rc1 Bb5 20. Qd1 f5 21. f4 g6 22. h4 Qe7 23. Kd2 Rxh4 24. Rxh4 Qxh4 25. Qf3 Kf7 26. Rh1 Qd8 27. a4 Bxa4 28. Qg3 Kg7 29. Rh5 Qf6 30. Bf3 Kf8 31. Rg5 Kg7 32. Bh5 Kf8 33. Rxg6 Qf7 34. Qg5 Nd7 35. Qd8+ Qe8 36. Rg8+ Kxg8 37. Qxe8+ Nf8 38. Qf7+ Kh8 39. Qxf8+ Kh7 40. Qf7+ Kh8 41. Bg6 1-0

[Event "Longueuil op"]
[Site "Longueuil CAN"]
[Date "1988.05.15"]
[Round "6"]
[White "Charest, Johanne"]
[Black "Pare, Nicolas"]
[Result "1/2-1/2"]
[WhiteElo "1510"]
[BlackElo "1302"]
[PlyCount "55"]
[GameId "2160767912586418"]
[EventDate "1988.04.06"]
[EventType "swiss"]
[EventRounds "7"]
[EventCountry "CAN"]

1. e4 d6 2. d4 Nf6 3. Nc3 g6 4. Nf3 Bg7 5. Bd3 O-O 6. O-O Re8 7. h3 c6 8. Re1 Nbd7 9. Be3 b5 10. a3 Nb6 11. Qc1 Bd7 12. Bh6 a5 13. b3 b4 14. axb4 axb4 15. Rxa8 Qxa8 16. Ne2 c5 17. dxc5 dxc5 18. Ng3 Bc6 19. Be3 Nfd7 20. Qd1 Bc3 21. Bd2 Bg7 22. Qe2 Rc8 23. Bf4 e5 24. Bd2 Rc7 25. Qf1 Ra7 26. Kh1 f6 27. Bc1 Kh8 28. Bb2 1/2-1/2

[Event "Longueuil op"]
[Site "Longueuil CAN"]
[Date "1988.05.20"]
[Round "7"]
[White "Lavoie, Denis"]
[Black "Charest, Johanne"]
[Result "1-0"]
[WhiteElo "1532"]
[BlackElo "1510"]
[PlyCount "45"]
[GameId "2160767912586419"]
[EventDate "1988.04.06"]
[EventType "swiss"]
[EventRounds "7"]
[EventCountry "CAN"]

1. d4 d5 2. c4 c6 3. Nc3 Nf6 4. Bg5 e6 5. e3 Be7 6. Nf3 O-O 7. Rc1 Nbd7 8. Bd3 dxc4 9. Bxc4 b6 10. h3 Bb7 11. O-O c5 12. Qe2 cxd4 13. Nxd4 Ne4 14. Bxe7 Nxc3 15. Rxc3 Qxe7 16. Bd3 Ne5 17. Bxh7+ Kxh7 18. Qh5+ Kg8 19. Qxe5 Qb4 20. Rc7 Ba6 21. Nxe6 f6 22. Rxg7+ Kh8 23. Qh5# 1-0

[Event "MacAdam mem"]
[Site "Victoria CAN"]
[Date "1988.09.03"]
[Round "2.1"]
[White "Piasetski, Leon"]
[Black "Basanta, Gary"]
[Result "1-0"]
[WhiteElo "2420"]
[BlackElo "2215"]
[PlyCount "101"]
[GameId "2160767912520356"]
[EventDate "1988.09.03"]
[EventType "swiss"]
[EventRounds "6"]
[EventCountry "CAN"]
[SourceTitle "EXT 2022"]
[Source "ChessBase"]
[SourceDate "2021.10.06"]
[SourceVersion "1"]
[SourceVersionDate "2021.10.06"]
[SourceQuality "1"]

1. c4 e5 2. g3 Nf6 3. Bg2 d5 4. cxd5 Nxd5 5. Nc3 Nb6 6. Nf3 Nc6 7. d3 Be7 8. O-O O-O 9. a4 a5 10. Be3 Bg4 11. Rc1 Kh8 12. Ne4 Nd5 13. Nc5 Nxe3 14. fxe3 Bxc5 15. Rxc5 Qe7 16. Rb5 Rad8 17. Qc1 f5 18. Rxb7 Rf6 19. Nd2 e4 20. Re1 exd3 21. exd3 Ne5 22. Qxc7 Qxc7 23. Rxc7 Nxd3 24. Rb1 h6 25. Nc4 Rb8 26. b3 Re6 27. Nxa5 Rxe3 28. Nc4 Re6 29. h3 Bh5 30. Rf1 Bg6 31. a5 Nb4 32. Rb7 Rxb7 33. Bxb7 Na6 34. Rd1 Nc5 35. Bf3 f4 36. gxf4 Bc2 37. Rd8+ Kh7 38. b4 Nd3 39. b5 Re1+ 40. Kg2 Nxf4+ 41. Kg3 g5 42. Rd7+ Kg6 43. a6 h5 44. a7 h4+ 45. Kf2 Re8 46. a8=Q Nxh3+ 47. Kf1 Rxa8 48. Bxa8 Nf4 49. Ne3 Bd3+ 50. Rxd3 Nxd3 51. Be4+ 1-0

[Event "MacAdam mem"]
[Site "Victoria CAN"]
[Date "1988.09.04"]
[Round "4.3"]
[White "Basanta, Gary"]
[Black "Kuznecov, Alex"]
[Result "1/2-1/2"]
[WhiteElo "2215"]
[BlackElo "2290"]
[PlyCount "21"]
[GameId "2160767912520367"]
[EventDate "1988.09.03"]
[EventType "swiss"]
[EventRounds "6"]
[EventCountry "CAN"]
[SourceTitle "EXT 2022"]
[Source "ChessBase"]
[SourceDate "2021.10.06"]
[SourceVersion "1"]
[SourceVersionDate "2021.10.06"]
[SourceQuality "1"]

1. c4 e5 2. Nc3 Nf6 3. g3 g6 4. Bg2 Bg7 5. e3 d6 6. Nge2 c6 7. O-O Be6 8. Qa4 O-O 9. d4 Qc8 10. Bd2 Bh3 11. c5 1/2-1/2

[Event "MacAdam mem"]
[Site "Victoria CAN"]
[Date "1988.09.05"]
[Round "6"]
[White "Piasetski, Leon"]
[Black "Kuznecov, Alex"]
[Result "1/2-1/2"]
[WhiteElo "2420"]
[BlackElo "2290"]
[PlyCount "42"]
[GameId "2160767912520380"]
[EventDate "1988.09.03"]
[EventType "swiss"]
[EventRounds "6"]
[EventCountry "CAN"]
[SourceTitle "EXT 2022"]
[Source "ChessBase"]
[SourceDate "2021.10.06"]
[SourceVersion "1"]
[SourceVersionDate "2021.10.06"]
[SourceQuality "1"]

1. c4 g6 2. g3 Bg7 3. Bg2 Nf6 4. Nc3 O-O 5. Nf3 c5 6. d4 cxd4 7. Nxd4 Nc6 8. O-O Nxd4 9. Qxd4 d6 10. Qh4 Rb8 11. Bg5 Be6 12. Rfd1 Qb6 13. Na4 Qa5 14. b3 b5 15. Bd2 Qa6 16. cxb5 Qxb5 17. Bf3 Rfc8 18. Rac1 Qf5 19. Be3 Qa5 20. Qd4 a6 21. Qa7 Nd7 1/2-1/2

[Event "Marcel Laurin Special"]
[Site "Hull CAN"]
[Date "1988.09.28"]
[Round "3"]
[White "Laurin, Denys"]
[Black "Cohen, David"]
[Result "0-1"]
[WhiteElo "1736"]
[BlackElo "1941"]
[PlyCount "88"]
[GameId "2160767912520332"]
[EventDate "1988.09.14"]
[EventType "swiss"]
[EventRounds "5"]
[EventCountry "CAN"]

1. e4 c5 2. Nf3 Nc6 3. d4 cxd4 4. Nxd4 d6 5. c4 Nf6 6. Nc3 g6 7. Be3 Ng4 8. Be2 Nxe3 9. fxe3 Bg7 10. O-O O-O 11. Kh1 Qb6 12. Nd5 Qd8 13. a3 e6 14. Nb4 Bd7 15. Rb1 Qb6 16. Nbxc6 bxc6 17. b4 Rad8 18. a4 c5 19. a5 Qc7 20. Nb5 Bxb5 21. cxb5 cxb4 22. Qa4 Bc3 23. Rfc1 Qc5 24. b6 axb6 25. axb6 Qxe3 26. Ba6 Qxe4 27. b7 d5 28. Qc6 Be5 29. Rb3 Qf4 30. Rh3 b3 31. Rf1 Qb4 32. Bd3 Qd6 33. Qc1 Bg7 34. Qg5 Qb4 35. g4 Qxb7 36. Qh4 h6 37. g5 h5 38. Rhf3 b2 39. Rf6 e5 40. Rb1 e4 41. Be2 d4 42. Bxh5 gxh5 43. Qxh5 e3+ 44. Kg1 d3 0-1

[Event "Marcel Laurin Special"]
[Site "Hull CAN"]
[Date "1988.10.05"]
[Round "4"]
[White "Cohen, David"]
[Black "Gagnon, Serge"]
[Result "1/2-1/2"]
[WhiteElo "1941"]
[BlackElo "1787"]
[PlyCount "52"]
[GameId "2160767912520333"]
[EventDate "1988.09.14"]
[EventType "swiss"]
[EventRounds "5"]
[EventCountry "CAN"]

1. e4 d6 2. d4 Nf6 3. Nc3 g6 4. Bd3 e5 5. Be3 Bg7 6. Nf3 Nbd7 7. O-O O-O 8. Qd2 c6 9. Bh6 Qc7 10. Bxg7 Kxg7 11. Rfe1 b5 12. Rad1 Bb7 13. a3 a6 14. dxe5 dxe5 15. Bf1 Nc5 16. Qd6 Qxd6 17. Rxd6 Ne8 18. Rd2 f6 19. Red1 Bc8 20. Rd8 Ne6 21. R8d2 Rf7 22. g3 Kf8 23. h4 h5 24. Kh2 N6g7 25. Rd8 Ne6 26. R8d2 N6g7 1/2-1/2

[Event "Montreal op"]
[Site "Montreal CAN"]
[Date "1988.09.03"]
[Round "1"]
[White "Bergeron, Steeve"]
[Black "Bolduc, Steve"]
[Result "0-1"]
[WhiteElo "1883"]
[BlackElo "2121"]
[PlyCount "88"]
[GameId "2160767912520389"]
[EventDate "1988.09.03"]
[EventType "swiss"]
[EventRounds "6"]
[EventCountry "CAN"]
[SourceTitle "hb 2011"]

1. e4 c5 2. Nf3 e6 3. d4 cxd4 4. Nxd4 Nc6 5. Be3 Nf6 6. Nc3 Bb4 7. Bd3 e5 8. Nf5 g6 9. Nh6 d5 10. Bg5 d4 11. a3 Be7 12. Nb1 Be6 13. Nd2 Nh5 14. Bxe7 Qxe7 15. Nf5 Qf8 16. g3 Nf6 17. Nh4 Qh6 18. Qe2 Nh5 19. Ndf3 O-O 20. Qd2 Qxd2+ 21. Kxd2 f6 22. Ng2 Rac8 23. Nfh4 f5 24. f3 fxe4 25. fxe4 Bh3 26. Ne1 Rf2+ 27. Be2 Nf6 28. Nef3 Nxe4+ 29. Ke1 Bg4 30. Bc4+ Kg7 31. Ng5 Rxc2 32. Nxe4 Rxc4 33. Nd6 Na5 34. Nxc8 Rxc8 35. h3 Nb3 36. Rb1 Be6 37. Rh2 e4 38. Ng2 g5 39. Kd1 e3 40. Ne1 Bf5 41. Nc2 Be4 42. h4 h6 43. hxg5 hxg5 44. Rh3 Bxc2+ 0-1